Missing Word: Directed by Paul Quiz Stats

 Plays Quiz Updated Sep 14, 2019

Score 0/22 Timer 06:00
0 Plays Today
Director Missing word % Correct
Paul VerhoevenBasic
92.9%
Paul GreengrassBourne
91.7%
Paul VerhoevenRecall
91.3%
Paul T. AndersonBlood
90.1%
Paul T. AndersonLove
83.8%
Paul GreengrassCaptain
78.3%
Paul T. AndersonBoogie
77.2%
Paul WeitzGood
76.3%
Paul NewmanGlass
71.6%
Paul VerhoevenTroopers
70.2%
Paul WeitzLittle
66.8%
Director Missing word % Correct
Paul WeitzPie
60%
Paul VerhoevenMan
59.8%
Paul WeitzEarth
56.8%
Paul HaggisThree
45.3%
Paul GreengrassUnited
40.9%
Paul HaggisValley
40.5%
Paul T. AndersonThread
34.9%
Paul GreengrassZone
23.3%
Paul NewmanSometimes
21.7%
Paul NewmanSon
7.4%
Paul HaggisPerson
4.7%

Today's Daily Dose

You're not logged in!

Compare scores with friends on all Sporcle quizzes.
OR
Log In

Sporcle TV

Today on Sporcle TV


Watch our educational content, quiz creation guides, and fun videos on Sporcle TV.

Show Comments

Extras

Top Quizzes Today


Score Distribution

Your Account Isn't Verified!

In order to create a playlist on Sporcle, you need to verify the email address you used during registration. Go to your Sporcle Settings to finish the process.

Report this User

Report this user for behavior that violates our Community Guidelines.

Details: